NEWMAN & CARRANZA'S CLINICAL PERIODONTOLOGY & IMPLONTOLOGY (Record no. 1170911)

MARC details
000 -LEADER
fixed length control field 00520nam a2200193Ia 4500
008 - FIXED-LENGTH DATA ELEMENTS--GENERAL INFORMATION
fixed length control field 240709s2024 xx und d
020 ## - INTERNATIONAL STANDARD BOOK NUMBER
International Standard Book Number 9780323878876
041 ## - LANGUAGE CODE
Language code of text/sound track or separate title eng
082 ## - DEWEY DECIMAL CLASSIFICATION NUMBER
Classification number 617.09
100 ## - MAIN ENTRY--PERSONAL NAME
Personal name NEWMAN MICHAEL
245 ## - TITLE STATEMENT
Title NEWMAN & CARRANZA'S CLINICAL PERIODONTOLOGY & IMPLONTOLOGY
250 ## - EDITION STATEMENT
Edition statement 14TH ED.
260 ## - PUBLICATION, DISTRIBUTION, ETC.
Place of publication, distribution, etc. NEW DELHI
Name of publisher, distributor, etc. ELSEVIER
Date of publication, distribution, etc. 2024
300 ## - PHYSICAL DESCRIPTION
Extent 1087
500 ## - GENERAL NOTE
General note B. M. S. G. B., Ltd. Pune
650 ## - SUBJECT ADDED ENTRY--TOPICAL TERM
Topical term or geographic name entry element PERIODONTOLGY
700 ## - ADDED ENTRY--PERSONAL NAME
Personal name ELANGOVAN SATHEESH
700 ## - ADDED ENTRY--PERSONAL NAME
Personal name KLOKKEVOLD PERRY
Holdings
Withdrawn status Lost status Damaged status Not for loan Home library Current library Date acquired Cost, normal purchase price Total Checkouts Full call number Barcode Date last seen Copy number Price effective from Koha item type
        Dental College & Hospital, Navi Mumbai Dental College & Hospital, Navi Mumbai 29/03/2024 188.99   617.09 DCM-DE-7895 09/07/2024 1 09/07/2024 Book